000 00728nam0a22002651 4500
001 RU\NLR\INFOCOMM4\ROSSICA\1000409721
005 20250613190117.0
035 _a(NLR Aleph) 009902978
090 _a10580573
_c10580573
100 _a20030626d1842 |||y0rusy50 ca
101 0 _afre
102 _aRU
105 _ay ||||000ay
200 1 _aDescription géographique de la Géorgie
_fWakhoucht
_gPubliée d'après l'original autographe par Brosset
210 _aSt.Pétersbourg
_d1842
215 _d
700 1 _aWakhoucht
_4070
702 1 _aBrosset
_4650
801 1 _aRU
_bInfoComm
_c20030626
801 0 _aRU
_bNLR
_gPSBO
852 _aNLR
_j13.6.3.17
942 _cBOOK
980 _aNB
980 _aRossica